01289nam a2200229 a 450000100100000000500170001000800410002704000250006808200150009310000400010824500780014826000390022630000200026550000550028595201280034095201130046895201190058195201140070095201140081495201140092899900170104200003740220200930080338.0120402s2011 dr 000 0 spa d aDO-SdBNPbspacBNPHU axxxbM779t1 aMontes de Oca, Favio Ramón96384910aTrujillo y los secretos de su hija Rayana /cFavio Ramón Montes de Oca. aSanto Domingo :bSantuario,c2011. a121 p ;c24 cm. aIncluye datos biográficos del autor en la solapa 001054708DSaGRbGRcCTd2012-04-02iLF1l0oxxx M779tp37402-30r2020-06-25te. 3w2020-06-25yLFDSZPréstamo en sala 0010718PDaPDbPDcCTd2012-04-02iLF1l0oxxx M779tp37402-10r2020-06-25w2020-06-25yLFPDZNo se presta 0010718PDaPDbPDcCTd2012-04-02iLF1l0oxxx M779tp37402-20r2020-06-25te. 2w2020-06-25yLFPDZNo se presta 00107-18PDaGRbGRcOId2012-04-02iLF1l0oxxx M779tp37403-30r2020-06-25w2020-06-25yLFPDZNo se presta 00107-18PDaPDbPDcOId2012-04-02iLF1l0oxxx M779tp37403-10r2020-06-25w2020-06-25yLFPDZNo se presta 00107-18PDaPDbPDcOId2012-04-02iLF1l0oxxx M779tp37403-20r2020-06-25w2020-06-25yLFPDZNo se presta c36892d36892